Statistics for Most expensive departures from Real Madrid

Click here to take the quiz!

General Stats

  • This quiz has been taken 89 times
  • The average score is 7 of 10

Answer Stats

PLAYERSJoinedFee% Correct
Cristiano RonaldoJuventus€117.00m
100%
CasemiroManchester United€70.65m
91%
Raphael VaraneManchester United€40.00m
78%
Ángel Di MaríaManchester United€75.00m
74%
Gonzalo HiguainNapoli€39.00m
66%
Mesut OzilArsenal€47.00m
66%
Mateo KovacicChelsea€45.00m
55%
Álvaro MorataChelsea€66.00m
54%
RobinhoManchester City€43.00m
50%
Achraf HakimiInter€43.00m
41%

Score Distribution

Percentile by Number Answered

Percent of People with Each Score

Your Score History

You have not taken this quiz